000 02771cam a2200433 a 4500
001 16977016
003 OSt
005 20180116192410.0
008 110926s2012 njuab b 001 0 eng
010 _a 2011040421
020 _a9780470903810 (acidfree paper)
020 _a9781118180082 (ebk.)
020 _a9781118180099 (ebk.)
020 _a9781118181812 (ebk.)
020 _a9781118182000 (ebk.)
020 _a9781118182017 (ebk.)
040 _aDLC
_cDLC
_dDLC
042 _apcc
050 0 0 _aHT165.5
_b.B35 2012
082 0 0 _a711.4
_223
084 _aARC010000
_2bisacsh
100 1 _aBain, Lesley,
_d1955-
_95741
245 1 0 _aLiving streets :
_bstrategies for crafting public space /
_cLesley Bain, Barbara Gray, Dave Rodgers.
260 _aHoboken, N.J. :
_bJohn Wiley & Sons,
_cc2012.
300 _axvi, 316 p. :
_bill., maps ;
_c21 x 26 cm.
504 _aIncludes bibliographical references (p. 301-309) and index.
520 _a"Written for teams of engineers, transportation planners, landscape architects, and urban planners, this book provides a broad overview of the growing approach towards complete and sustainable street design. Its contents present the background on modern street design and where it has failed, describe a series of street typologies, and demonstrate, through geographically diverse case studies, the applicable lessons learned from each. Featuring examples from over two dozen completed street design projects around the world, it provides practical guidance on the complete street approach to sustainable and community-minded street and road design"--
520 _a"Serves to provide practical guidance on the complete street approach to sustainable and community-minded street and road design. Written for teams of engineers, transportation planners, landscape architects and urban planners, the book provides a broad overview of the design and policy tools that have been successful, presents background on modern street design and where it has failed in many aspects, describes a series of street typologies, and demonstrates, through a variety of geographically diverse case studies, the applicable lessons learned from each"--
650 0 _aCity planning.
_95742
650 0 _aSustainable urban development.
_95743
650 0 _aCommunity development.
_95744
650 7 _aARCHITECTURE / Urban & Land Use Planning.
_2bisacsh
_95745
700 1 _aGray, Barbara,
_d1966-
_95746
700 1 _aRodgers, Dave,
_d1969-
_95747
906 _a7
_bcbc
_corignew
_d1
_eecip
_f20
_gy-gencatlg
942 _2ddc
_cBK
999 _c353520
_d353520